[Event "Robinson Cup 2016"]
[Site "Daventry ENG"]
[Date "2016.07.19"]
[Round "1.1"]
[White "Ragavan, Pramoth"]
[Black "Zhang, Zheming"]
[Result "0-1"]
[WhiteTeam "England B"]
[BlackTeam "England A"]
[WhiteElo "1517"]
[BlackElo "1793"]
[WhiteNationality "ENG"]
[BlackNationality "ENG"]
[WhiteFideId "437069"]
[BlackFideId "430757"]
[PlyCount "52"]
[EventDate "2016.07.19"]
[EventType "team"]
[Source "Live boards"]

1. d4 e6 2. c4 f5 3. Nf3 Nf6 4. Nc3 Be7 5. Bf4 O-O 6. e3 b6 7. Be2 Bb7 8.
O-O Ne4 9. Nxe4 fxe4 10. Nd2 c5 11. Nb3 cxd4 12. Nxd4 Nc6 13. Nxc6 Bxc6 14.
a3 Bf6 15. Rb1 d5 16. Bg3 Qe7 17. b4 Rad8 18. Qb3 Kh8 19. Rbd1 Qe8 20. h3
Ba4 21. Qa2 Bxd1 22. Rxd1 d4 23. exd4 Bxd4 24. Bh4 Rd7 25. Bg4 e3 26. fxe3
Bxe3+ 0-1

[Event "Robinson Cup 2016"]
[Site "Daventry ENG"]
[Date "2016.07.19"]
[Round "1.2"]
[White "Onslow, Alfie"]
[Black "Gogna, Avi"]
[Result "1-0"]
[WhiteTeam "England A"]
[BlackTeam "England B"]
[WhiteElo "1731"]
[BlackElo "1483"]
[WhiteNationality "ENG"]
[BlackNationality "ENG"]
[WhiteFideId "436976"]
[BlackFideId "437808"]
[PlyCount "125"]
[EventDate "2016.07.19"]
[EventType "team"]
[Source "Live boards"]

1. e4 c5 2. Nf3 e6 3. c3 d5 4. exd5 Qxd5 5. d4 Nc6 6. Be2 Nf6 7. O-O Be7 8.
Na3 a6 9. Nc4 Qd8 10. Nfe5 Nxe5 11. dxe5 Nd5 12. Bf3 b5 13. Ne3 Nxe3 14.
Qxd8+ Kxd8 15. Bxe3 Rb8 16. Rfd1+ Kc7 17. b4 Bb7 18. Be2 Rbd8 19. bxc5 Bd5
20. a4 Bc4 21. Bf3 Rxd1+ 22. Bxd1 Rd8 23. Bd4 Kc6 24. axb5+ Bxb5 25. Bf3+
Kc7 26. g3 Rd7 27. Rb1 Kc8 28. Rb4 Rc7 29. c4 Bd7 30. Rb6 Bxc5 31. Rxa6 Kd8
32. Bc3 Ra7 33. Rxa7 Bxa7 34. Kf1 Ba4 35. Be4 h6 36. Ke2 Bc5 37. f4 Kd7 38.
Bd2 Kc7 39. Be3 Kb6 40. Bxc5+ Kxc5 41. Kd3 g6 42. Kc3 Bd7 43. g4 Bc8 44. h4
Bd7 45. Bb7 Bc6 46. Bxc6 Kxc6 47. Kb4 Kb6 48. c5+ Kc7 49. Kb5 Kc8 50. Kc6
Kd8 51. Kb7 Ke7 52. c6 f6 53. c7 g5 54. exf6+ Kxf6 55. hxg5+ hxg5 56. fxg5+
Kxg5 57. c8=Q e5 58. Qf5+ Kh4 59. g5 e4 60. g6 e3 61. g7 e2 62. g8=R e1=Q
63. Qg4# 1-0

[Event "Robinson Cup 2016"]
[Site "Daventry ENG"]
[Date "2016.07.19"]
[Round "1.3"]
[White "Gogna, Aman"]
[Black "Miller, Dominic"]
[Result "0-1"]
[WhiteTeam "England B"]
[BlackTeam "England A"]
[WhiteElo "1451"]
[BlackElo "1783"]
[WhiteNationality "ENG"]
[BlackNationality "ENG"]
[WhiteFideId "443484"]
[BlackFideId "438065"]
[PlyCount "60"]
[EventDate "2016.07.19"]
[EventType "team"]
[Source "Live boards"]

1. d4 d5 2. Nf3 Nf6 3. c4 c6 4. g3 Bf5 5. Bg2 e6 6. O-O Bd6 7. b3 O-O 8.
Bb2 Nbd7 9. Nc3 Qe7 10. Rc1 Rad8 11. Nh4 Bg4 12. h3 Bh5 13. Qc2 Bb8 14. e4
dxe4 15. Nxe4 Nxe4 16. Qxe4 f5 17. Qd3 f4 18. Bh1 g5 19. Ng2 Ne5 20. Qc3
Nf3+ 21. Qxf3 Bxf3 22. Rc3 fxg3 23. fxg3 Bxg2 24. Bxg2 Rxf1+ 25. Kxf1 Rf8+
26. Kg1 Qf6 27. Rf3 Qxf3 28. Bxf3 Rxf3 29. Bc1 Rxg3+ 30. Kf1 Bf4 0-1

[Event "Robinson Cup 2016"]
[Site "Daventry ENG"]
[Date "2016.07.19"]
[Round "1.4"]
[White "Ivanov, George"]
[Black "Lewis, Tim"]
[Result "1/2-1/2"]
[WhiteTeam "England A"]
[BlackTeam "England B"]
[WhiteElo "1766"]
[BlackElo "1475"]
[WhiteNationality "ENG"]
[BlackNationality "ENG"]
[WhiteFideId "427292"]
[BlackFideId "435660"]
[PlyCount "98"]
[EventDate "2016.07.19"]
[EventType "team"]
[Source "Live boards"]

1. e4 e5 2. Nf3 Nc6 3. d4 exd4 4. Bc4 Bc5 5. c3 Nf6 6. e5 d5 7. Bb5 Ne4 8.
cxd4 Bb4+ 9. Nbd2 Bg4 10. Qb3 Bxf3 11. gxf3 Bxd2+ 12. Bxd2 Nxd2 13. Kxd2
O-O 14. Bxc6 bxc6 15. Qe3 Rb8 16. b3 Qh4 17. Rhg1 g6 18. Rg4 Qxh2 19. Rgg1
Qh4 20. Rh1 Qe7 21. Qh6 f6 22. Rae1 Qg7 23. Qxg7+ Kxg7 24. exf6+ Kxf6 25.
Rxh7 Rf7 26. Rxf7+ Kxf7 27. Rc1 Rb6 28. Ke3 Ke6 29. Kf4 Kf6 30. Kg4 Ke7 31.
Kg5 Kd7 32. f4 Ra6 33. Rc2 Rb6 34. Rc3 Rb4 35. Rd3 Kd6 36. Kxg6 c5 37.
dxc5+ Kxc5 38. Rf3 Rb6+ 39. Kg7 Rd6 40. f5 Rd7+ 41. Kg6 d4 42. f6 d3 43. f7
Rd6+ 44. Kg5 d2 45. Rc3+ Kb5 46. f8=Q d1=Q 47. Qb8+ Ka6 48. Qc8+ Kb5 49.
Qb8+ Ka6 1/2-1/2

[Event "Robinson Cup 2016"]
[Site "Daventry ENG"]
[Date "2016.07.19"]
[Round "3.1"]
[White "Zhang, Zheming"]
[Black "Rachid, Alexandre"]
[Result "1/2-1/2"]
[WhiteTeam "England A"]
[BlackTeam "France"]
[WhiteElo "1793"]
[BlackElo "1935"]
[WhiteNationality "ENG"]
[BlackNationality "FRA"]
[WhiteFideId "430757"]
[BlackFideId "26036819"]
[PlyCount "87"]
[EventDate "2016.07.19"]
[EventType "team"]
[Source "Live boards"]

1. e4 c5 2. Nc3 e6 3. f4 Nc6 4. Nf3 Nge7 5. Bb5 a6 6. Bxc6 Nxc6 7. O-O Be7
8. d3 O-O 9. Qe1 d5 10. Kh1 b5 11. Ne2 Nb4 12. Qc3 Bb7 13. a3 Nc6 14. Qe1
f5 15. e5 d4 16. Qf2 Qd5 17. Bd2 Rac8 18. Rfd1 Rfd8 19. Be1 Qd7 20. Qg3 Qe8
21. Bf2 Qh5 22. Neg1 Rd7 23. Qh3 Qg6 24. Bh4 Bxh4 25. Qxh4 Ne7 26. Qg3 Qxg3
27. hxg3 Nd5 28. Nh3 Ne3 29. Rd2 h6 30. Nf2 Kf7 31. Nh3 Kg6 32. Kg1 Kh5 33.
Nf2 g5 34. Nd1 Nd5 35. c4 dxc3 36. Nxc3 gxf4 37. Nxd5 Bxd5 38. gxf4 Bxf3
39. gxf3 Rd4 40. Kf2 Rxf4 41. Ke3 Rh4 42. Rg1 f4+ 43. Ke4 Rd8 44. d4
1/2-1/2

[Event "Robinson Cup 2016"]
[Site "Daventry ENG"]
[Date "2016.07.19"]
[Round "3.2"]
[White "Binet, Joseph"]
[Black "Onslow, Alfie"]
[Result "1-0"]
[WhiteTeam "France"]
[BlackTeam "England A"]
[WhiteElo "1741"]
[BlackElo "1731"]
[WhiteNationality "FRA"]
[BlackNationality "ENG"]
[WhiteFideId "26086735"]
[BlackFideId "436976"]
[PlyCount "57"]
[EventDate "2016.07.19"]
[EventType "team"]
[Source "Live boards"]

1. e4 c5 2. Nf3 e6 3. d4 cxd4 4. Nxd4 Nc6 5. Nc3 Qc7 6. Nxc6 Qxc6 7. Bb5
Qc7 8. a3 a6 9. Bd3 Bc5 10. O-O Nf6 11. Qf3 h6 12. Bf4 e5 13. Bd2 d6 14.
Kh1 Bg4 15. Nd5 Qd7 16. Nxf6+ gxf6 17. Qxf6 Rg8 18. Bb4 Rg6 19. Qh4 Bb6 20.
f4 Bd8 21. Qe1 exf4 22. e5 Re6 23. Bxd6 h5 24. Rxf4 Rh6 25. Bc4 Be6 26.
Bxe6 Rxe6 27. Qg3 Rg6 28. Qxg6 fxg6 29. Rf8# 1-0

[Event "Robinson Cup 2016"]
[Site "Daventry ENG"]
[Date "2016.07.19"]
[Round "3.3"]
[White "Miller, Dominic"]
[Black "Romas, Lionia"]
[Result "1-0"]
[WhiteTeam "England A"]
[BlackTeam "France"]
[WhiteElo "1783"]
[BlackElo "1626"]
[WhiteNationality "ENG"]
[BlackNationality "FRA"]
[WhiteFideId "438065"]
[BlackFideId "36018813"]
[PlyCount "73"]
[EventDate "2016.07.19"]
[EventType "team"]
[Source "Live boards"]

1. e4 e6 2. Nc3 d5 3. d4 Bb4 4. e5 c5 5. a3 Bxc3+ 6. bxc3 Qc7 7. Qg4 f5 8.
Qg3 cxd4 9. cxd4 Ne7 10. Ne2 O-O 11. c3 b6 12. Nf4 Qd7 13. a4 Ba6 14. Bxa6
Nxa6 15. Ba3 Rac8 16. Nh5 Ng6 17. Bxf8 Kxf8 18. O-O Rc4 19. Nf4 Nxf4 20.
Qxf4 Rxc3 21. g4 Qf7 22. Rac1 Rxc1 23. Rxc1 Qd7 24. gxf5 exf5 25. Re1 Qe6
26. Qg5 Qg6 27. Qxg6 hxg6 28. Rc1 Nb4 29. Kf1 a6 30. Rc8+ Ke7 31. Rc7+ Kf8
32. Ke2 b5 33. axb5 axb5 34. Rc5 Na2 35. Kd2 b4 36. Kc2 Nc3 37. Rxc3 1-0

[Event "Robinson Cup 2016"]
[Site "Daventry ENG"]
[Date "2016.07.19"]
[Round "3.4"]
[White "Mansouri, Julien"]
[Black "Ivanov, George"]
[Result "0-1"]
[WhiteTeam "France"]
[BlackTeam "England A"]
[WhiteElo "1607"]
[BlackElo "1766"]
[WhiteNationality "FRA"]
[BlackNationality "ENG"]
[WhiteFideId "26071991"]
[BlackFideId "427292"]
[PlyCount "52"]
[EventDate "2016.07.19"]
[EventType "team"]
[Source "Live boards"]

1. e4 e5 2. Nf3 Nc6 3. d4 exd4 4. Bc4 Nf6 5. Bg5 h6 6. Bxf6 Qxf6 7. c3 dxc3
8. Nxc3 Bb4 9. Qb3 Bxc3+ 10. bxc3 Na5 11. Qb4 Nxc4 12. Qxc4 Qc6 13. Qd4 O-O
14. O-O d6 15. Nd2 Be6 16. Qe3 Qc5 17. Qg3 Qg5 18. Qd3 f5 19. f4 Qg6 20.
Qf3 Rae8 21. exf5 Rxf5 22. c4 d5 23. Qd3 Qf6 24. cxd5 Rxd5 25. Qc2 Qd4+ 26.
Rf2 Qxa1+ 0-1

[Event "Robinson Cup 2016"]
[Site "Daventry ENG"]
[Date "2016.07.19"]
[Round "3.5"]
[White "Howell, Oliver"]
[Black "Badinier, Romain"]
[Result "1-0"]
[WhiteTeam "England A"]
[BlackTeam "France"]
[WhiteElo "1506"]
[BlackElo "1522"]
[WhiteNationality "ENG"]
[BlackNationality "FRA"]
[WhiteFideId "435929"]
[BlackFideId "45107220"]
[PlyCount "43"]
[EventDate "2016.07.19"]
[EventType "team"]
[Source "Live boards"]

1. Nf3 d5 2. c4 c6 3. g3 Bg4 4. Bg2 e6 5. O-O Bd6 6. cxd5 cxd5 7. Qa4+ Nd7
8. Qxg4 g6 9. Qa4 Nf6 10. d4 O-O 11. Nc3 a6 12. Bg5 Qc7 13. Rfc1 Qb6 14.
Qb3 Qa7 15. e3 Rac8 16. Rc2 Rc4 17. Ne2 b5 18. Nd2 Ne4 19. Nxe4 Rb4 20. Qd3
dxe4 21. Qxe4 Nc5 22. Qc6 1-0

[Event "Robinson Cup 2016"]
[Site "Daventry ENG"]
[Date "2016.07.19"]
[Round "3.6"]
[White "Gachenot, Alexandre"]
[Black "Bennet Stevens, Lucy"]
[Result "1-0"]
[WhiteTeam "France"]
[BlackTeam "England A"]
[WhiteElo "1448"]
[BlackElo "1381"]
[WhiteNationality "FRA"]
[BlackNationality "ENG"]
[WhiteFideId "26087995"]
[BlackFideId "447986"]
[PlyCount "95"]
[EventDate "2016.07.19"]
[EventType "team"]
[Source "Live boards"]
[BlackFullName "Bennet-Stevens, Lucy"]

1. e4 c5 2. Nf3 e6 3. d4 cxd4 4. Nxd4 a6 5. Bd3 Bc5 6. Nb3 Ba7 7. Nc3 Ne7
8. O-O O-O 9. Bf4 Nbc6 10. Qd2 d5 11. exd5 Nxd5 12. Nxd5 Qxd5 13. Rad1 Qd8
14. c3 Kh8 15. Qe2 Qf6 16. Qe4 Qf5 17. Qf3 Qf6 18. Qg3 Bb8 19. Bxb8 Rxb8
20. Be4 Qe5 21. Qh4 g6 22. Bxc6 bxc6 23. Qe7 Kg7 24. Rfe1 Qb5 25. Qc7 Qb6
26. Qe5+ Kg8 27. Qg5 f6 28. Qh4 Kg7 29. h3 e5 30. Qc4 Qb5 31. Qh4 Be6 32.
Rd6 Bxb3 33. axb3 Qxb3 34. Rxc6 Qb7 35. Qc4 Rfc8 36. Rxc8 Rxc8 37. Qe6 Rc7
38. Re2 Qb5 39. Rd2 Rb7 40. Rd6 Kh6 41. Qxf6 Qxb2 42. Qxe5 Rb5 43. Qe3+ Kg7
44. Rxa6 Qb1+ 45. Kh2 Qf5 46. Ra7+ Kg8 47. Qe8+ Qf8 48. Qxb5 1-0

[Event "Robinson Cup 2016"]
[Site "Daventry ENG"]
[Date "2016.07.19"]
[Round "4.1"]
[White "Byrne, Alex"]
[Black "Ragavan, Pramoth"]
[Result "1-0"]
[WhiteTeam "Ireland"]
[BlackTeam "England B"]
[WhiteElo "1926"]
[BlackElo "1517"]
[WhiteICU "1928"]
[WhiteNationality "IRL"]
[BlackNationality "ENG"]
[WhiteFideId "2508788"]
[BlackFideId "437069"]
[PlyCount "102"]
[EventDate "2016.07.19"]
[EventType "team"]
[Source "Live boards"]

1. d4 d5 2. c4 c6 3. Nf3 Nf6 4. Nc3 e6 5. Bf4 Nbd7 6. e3 Be7 7. h3 b6 8.
cxd5 Nxd5 9. Nxd5 exd5 10. Bd3 Bb7 11. O-O O-O 12. Rc1 Re8 13. Qe2 h6 14.
Ba6 Bxa6 15. Qxa6 Qc8 16. Qa4 c5 17. Rfd1 Qb7 18. a3 Rac8 19. Qb3 c4 20.
Qc2 Qc6 21. Nd2 Nf6 22. Be5 Nd7 23. Bg3 Bd6 24. Bxd6 Qxd6 25. e4 dxe4 26.
Nxc4 Qd5 27. Qe2 Nf6 28. Ne3 Qd6 29. Qd2 Nd5 30. Nc4 Qe6 31. Ne5 Rxc1 32.
Rxc1 Rc8 33. Rc2 Rxc2 34. Qxc2 e3 35. fxe3 Nxe3 36. Qc6 Qxc6 37. Nxc6 a5
38. b4 axb4 39. axb4 Kf8 40. Kf2 Nd5 41. Kf3 Ne7 42. Nxe7 Kxe7 43. Ke4 Kd6
44. g4 g6 45. h4 h5 46. g5 Ke6 47. d5+ Kd6 48. Kd4 Ke7 49. Ke5 b5 50. d6+
Kd7 51. Kf6 Ke8 1-0

[Event "Robinson Cup 2016"]
[Site "Daventry ENG"]
[Date "2016.07.19"]
[Round "4.2"]
[White "Gogna, Avi"]
[Black "Haque, Mustakim Ul"]
[Result "0-1"]
[WhiteTeam "England B"]
[BlackTeam "Ireland"]
[WhiteElo "1483"]
[BlackElo "1839"]
[BlackICU "1704"]
[WhiteNationality "ENG"]
[BlackNationality "IRL"]
[WhiteFideId "437808"]
[BlackFideId "2509334"]
[PlyCount "144"]
[EventDate "2016.07.19"]
[EventType "team"]
[Source "Live boards"]
[BlackFullName "Haque, Mustakim-Ul"]

1. d4 d6 2. Nf3 Nf6 3. c4 c6 4. g3 Bf5 5. Bg2 Bxb1 6. Rxb1 Qa5+ 7. Bd2 Qxa2
8. Qc2 Nbd7 9. O-O d5 10. Rfc1 Qxc4 11. Qxc4 dxc4 12. Rxc4 e6 13. Ra1 Bd6
14. Rca4 a6 15. Rc4 O-O 16. Ne1 e5 17. dxe5 Nxe5 18. Rc2 Rfe8 19. Bc3 Rad8
20. Ra4 Bf8 21. f4 Neg4 22. Rd2 Rxd2 23. Bxd2 Bc5+ 24. Kh1 Rxe2 25. Nf3
Nf2+ 26. Kg1 N2e4+ 27. Kf1 Rf2+ 28. Ke1 Nxd2 29. Nxd2 Rxg2 30. Rc4 Bb6 31.
Rb4 Ba5 32. Rxb7 g6 33. b4 Bxb4 34. Rxb4 Rxh2 35. Rb6 Rg2 36. Rxc6 Kg7 37.
Rxa6 Nh5 38. Ne4 Nxg3 39. Nxg3 Rxg3 40. Kf2 Rb3 41. Rd6 h6 42. Rc6 g5 43.
fxg5 hxg5 44. Rc4 Kg6 45. Rc5 f5 46. Rc8 Kh5 47. Rh8+ Kg4 48. Rh1 Kf4 49.
Rf1 Rf3+ 50. Kg2 Rxf1 51. Kxf1 g4 52. Kf2 g3+ 53. Kg2 Kg4 54. Kg1 f4 55.
Kg2 f3+ 56. Kg1 Kh3 57. Kh1 g2+ 58. Kg1 f2+ 59. Kxf2 Kh2 60. Ke3 g1=Q+ 61.
Ke4 Qd1 62. Ke5 Qd3 63. Ke6 Qb5 64. Kd6 Kg3 65. Ke6 Qc5 66. Kf6 Qd5 67. Kg6
Qe5 68. Kh6 Kg4 69. Kh7 Qg5 70. Kh8 Kf5 71. Kh7 Kf6 72. Kh8 Qg7# 0-1

[Event "Robinson Cup 2016"]
[Site "Daventry ENG"]
[Date "2016.07.19"]
[Round "4.3"]
[White "Redmond, Joshua"]
[Black "Gogna, Aman"]
[Result "1-0"]
[WhiteTeam "Ireland"]
[BlackTeam "England B"]
[WhiteElo "1700"]
[BlackElo "1451"]
[WhiteICU "1538"]
[WhiteNationality "IRL"]
[BlackNationality "ENG"]
[WhiteFideId "66800315"]
[BlackFideId "443484"]
[PlyCount "104"]
[EventDate "2016.07.19"]
[EventType "team"]
[Source "Live boards"]

1. e4 c5 2. d3 e6 3. Nf3 a6 4. g3 Nc6 5. Bg2 Qc7 6. O-O Nf6 7. Re1 d6 8. c3
Be7 9. d4 O-O 10. Nbd2 d5 11. e5 Nd7 12. Nf1 b5 13. Bd2 Bb7 14. a3 c4 15.
Qc2 h6 16. h4 Rfd8 17. Bf4 Na5 18. Ne3 Nb3 19. Rad1 Kh8 20. Nd2 Na5 21. Ng4
Bf8 22. Nf3 Nb3 23. Qe2 Rac8 24. Ne3 Nb6 25. Kh2 Qe7 26. Rh1 Kg8 27. Kg1 g6
28. Ng4 Bg7 29. Nxh6+ Kh7 30. Nxf7 Rf8 31. N3g5+ Kg8 32. Nd6 Rb8 33. Nxb7
Rxb7 34. Bh3 a5 35. Nxe6 Re8 36. Bg5 Qf7 37. Nxg7 Qxg7 38. e6 Nc8 39. Kg2
Nd6 40. Qe5 Qxe5 41. dxe5 Ne4 42. Rxd5 Nbd2 43. Bxd2 Rf8 44. Be3 b4 45.
axb4 axb4 46. cxb4 Rxb4 47. e7 Re8 48. Rd8 Rb8 49. Rhd1 Kf7 50. Rxb8 Rxb8
51. Rd8 Ra8 52. Re8 Kxe8 1-0

[Event "Robinson Cup 2016"]
[Site "Daventry ENG"]
[Date "2016.07.19"]
[Round "4.4"]
[White "Lewis, Tim"]
[Black "Melaugh, Gavin"]
[Result "1/2-1/2"]
[WhiteTeam "England B"]
[BlackTeam "Ireland"]
[WhiteElo "1475"]
[BlackElo "1597"]
[BlackICU "1701"]
[WhiteNationality "ENG"]
[BlackNationality "IRL"]
[WhiteFideId "435660"]
[BlackFideId "2509571"]
[PlyCount "147"]
[EventDate "2016.07.19"]
[EventType "team"]
[Source "Live boards"]

1. e4 c5 2. Nc3 a6 3. f4 b5 4. g3 Bb7 5. Bg2 e6 6. d3 Nc6 7. Nf3 Qc7 8. O-O
g6 9. Qe2 d6 10. g4 O-O-O 11. Bd2 Bg7 12. a3 h6 13. f5 gxf5 14. gxf5 Nd4
15. Nxd4 Bxd4+ 16. Kh1 Nf6 17. fxe6 fxe6 18. Nd1 Qe7 19. Be1 Rhg8 20. Rc1
Kb8 21. Bh4 Rg6 22. c3 Be5 23. Ne3 Rdg8 24. Rf3 Qg7 25. Rcf1 d5 26. Qf2 Ng4
27. Nxg4 Rxg4 28. Rf8+ Rxf8 29. Qxf8+ Qxf8 30. Rxf8+ Kc7 31. Bf2 d4 32.
cxd4 cxd4 33. Rf7+ Kc6 34. Rf3 Rg6 35. Bg3 Bxg3 36. Rxg3 Rxg3 37. hxg3 Bc8
38. Kh2 Kd6 39. Kh3 Ke5 40. Kh4 Kf6 41. Kh5 Kg7 42. e5 a5 43. b4 axb4 44.
axb4 Bd7 45. Kg4 Be8 46. Kf3 Bc6+ 47. Kf2 Bd7 48. Bb7 Kg6 49. g4 Kg5 50.
Kg3 Be8 51. Be4 h5 52. gxh5 Kxh5 53. Kf4 Kh6 54. Kg4 Bh5+ 55. Kh4 Be8 56.
Kg3 Kg7 57. Kf3 Kh6 58. Bb7 Bg6 59. Ke2 Kg5 60. Bc6 Bh5+ 61. Kd2 Kf5 62.
Bxb5 Kxe5 63. Bc4 Kd6 64. Ke1 Bf3 65. Kf2 Bb7 66. Kg3 e5 67. Kf2 e4 68.
dxe4 Bxe4 69. Ke2 Bf5 70. Bd3 Bxd3+ 71. Kxd3 Kd5 72. b5 Kc5 73. b6 Kxb6 74.
Kxd4 1/2-1/2

[Event "Robinson Cup 2016"]
[Site "Daventry ENG"]
[Date "2016.07.20"]
[Round "5.1"]
[White "Ragavan, Pramoth"]
[Black "Choo, Ben"]
[Result "0-1"]
[WhiteTeam "England B"]
[BlackTeam "Wales"]
[WhiteElo "1517"]
[BlackElo "1686"]
[WhiteNationality "ENG"]
[BlackNationality "WLS"]
[WhiteFideId "437069"]
[BlackFideId "1802933"]
[PlyCount "76"]
[EventDate "2016.07.19"]
[EventType "team"]
[Source "Live boards"]

1. d4 Nf6 2. c4 e6 3. Nf3 Be7 4. Nc3 b6 5. Bg5 Bb7 6. e3 O-O 7. Be2 d5 8.
Bxf6 Bxf6 9. cxd5 Bxd5 10. Nxd5 Qxd5 11. O-O Nd7 12. b4 c5 13. bxc5 bxc5
14. Qd2 cxd4 15. Nxd4 Bxd4 16. Bf3 Qf5 17. Qxd4 e5 18. Qd1 Rad8 19. Bg4 Qf6
20. Bxd7 Qe7 21. Qe2 Rxd7 22. Rfd1 Rfd8 23. Rxd7 Qxd7 24. Rc1 h6 25. h3 Qd2
26. Qxd2 Rxd2 27. Rc8+ Kh7 28. Rc7 Rxa2 29. Rxf7 Kg6 30. Rd7 Kf6 31. Kf1 a5
32. Ke1 a4 33. Rd1 Kf5 34. Kf1 h5 35. Rd5 a3 36. Rd1 Ke4 37. Ke1 Rb2 38.
Ra1 a2 0-1

[Event "Robinson Cup 2016"]
[Site "Daventry ENG"]
[Date "2016.07.20"]
[Round "5.2"]
[White "Lutchman Singh, Karanrir"]
[Black "Gogna, Avi"]
[Result "0-1"]
[WhiteTeam "Wales"]
[BlackTeam "England B"]
[WhiteElo "1716"]
[BlackElo "1483"]
[WhiteNationality "WLS"]
[BlackNationality "ENG"]
[WhiteFideId "1802950"]
[BlackFideId "437808"]
[PlyCount "136"]
[EventDate "2016.07.19"]
[EventType "team"]
[Source "Live boards"]

1. e4 c5 2. c3 d5 3. exd5 Qxd5 4. d4 Nc6 5. Nf3 e6 6. Be2 Nf6 7. O-O Be7 8.
Be3 cxd4 9. cxd4 O-O 10. Nc3 Qd6 11. Qd2 Qd8 12. Rac1 b6 13. Rfd1 Bb7 14.
Ne5 Rc8 15. Bf4 Nb4 16. Bf3 Bxf3 17. Nxf3 Nbd5 18. Be5 Bb4 19. Qd3 Be7 20.
Ng5 h6 21. Nxd5 Rxc1 22. Nxe7+ Qxe7 23. Rxc1 hxg5 24. Rc7 Qb4 25. Qc3 Qa4
26. Qb3 Qa5 27. g3 Ng4 28. Qf3 Nxe5 29. dxe5 Qxe5 30. Rxa7 Qxb2 31. Qb7 Qd4
32. Ra6 Qd1+ 33. Kg2 Qd5+ 34. Qxd5 exd5 35. Rxb6 Ra8 36. Rb2 g4 37. f3
gxf3+ 38. Kxf3 Kf8 39. Ke3 Ke7 40. Kd4 Ra5 41. Ke5 f6+ 42. Kd4 Ke6 43. Kc3
Kf5 44. Kb4 Ra8 45. Kc5 Ra5+ 46. Kb4 Ra8 47. a4 Rb8+ 48. Ka3 Ra8 49. Kb3
Rb8+ 50. Kc2 Rc8+ 51. Kd3 Ra8 52. Ra2 Ra5 53. Kc3 Ke4 54. Re2+ Kf3 55. Ra2
Ke4 56. Kb4 Ra8 57. Re2+ Kd3 58. Re6 d4 59. a5 Kc2 60. Kc4 d3 61. Kd4 Rxa5
62. Rc6+ Kd2 63. Rb6 Ra4+ 64. Kc5 Kc1 65. Kb5 Ra2 66. Kb4 Rb2+ 67. Kc3 Rxb6
68. Kxd3 Re6 0-1

[Event "Robinson Cup 2016"]
[Site "Daventry ENG"]
[Date "2016.07.20"]
[Round "5.3"]
[White "Gogna, Aman"]
[Black "Fowler, Hugo"]
[Result "0-1"]
[WhiteTeam "England B"]
[BlackTeam "Wales"]
[WhiteElo "1451"]
[BlackElo "1529"]
[WhiteNationality "ENG"]
[BlackNationality "WLS"]
[WhiteFideId "443484"]
[BlackFideId "433411"]
[PlyCount "164"]
[EventDate "2016.07.19"]
[EventType "team"]
[Source "Live boards"]

1. d4 Nf6 2. Nf3 g6 3. c4 Bg7 4. g3 O-O 5. Bg2 d5 6. O-O c5 7. cxd5 Nxd5 8.
e3 Nc6 9. dxc5 Be6 10. Nbd2 Rc8 11. Nb3 Ndb4 12. Nbd4 Bc4 13. Re1 Nd3 14.
Re2 Nxc1 15. Rc2 Nd3 16. Bf1 Nxd4 17. exd4 Bxd4 18. Bxd3 Bxd3 19. Rd2 Bxc5
20. Rxd3 Qb6 21. Rd2 Rfd8 22. Qe2 Rxd2 23. Qxd2 Rd8 24. Qe2 Kf8 25. b3 Bd4
26. Nxd4 Qxd4 27. Re1 Qd7 28. Qe5 f6 29. Qe3 b6 30. Qh6+ Kg8 31. Qe3 e5 32.
Qc3 Qd2 33. Qc4+ Kg7 34. Re2 Qd1+ 35. Kg2 Qd5+ 36. Qxd5 Rxd5 37. Rc2 Rd7
38. Kf3 Kh6 39. Ke2 Kg5 40. h3 f5 41. Rc4 f4 42. Re4 Kf5 43. Rb4 fxg3 44.
fxg3 h5 45. Rb5 g5 46. Rb4 g4 47. h4 Rc7 48. Kd2 Rc6 49. Rb5 Rc5 50. Rb4 b5
51. a4 a6 52. Ke3 Rd5 53. axb5 Rxb5 54. Ra4 Rxb3+ 55. Kf2 Rb6 56. Ke3 Rc6
57. Kd3 Rd6+ 58. Ke3 Rb6 59. Ra3 e4 60. Ra5+ Rb5 61. Rxa6 Rb3+ 62. Kf2 Rb2+
63. Ke3 Rb3+ 64. Kf2 Rf3+ 65. Kg2 e3 66. Ra8 Ke4 67. Rh8 Rf5 68. Re8+ Kd3
69. Rd8+ Ke2 70. Rd7 Rf2+ 71. Kg1 Ke1 72. Rd8 Rd2 73. Ra8 e2 74. Ra1+ Rd1
75. Ra2 Rd3 76. Ra1+ Kd2 77. Ra2+ Ke3 78. Rxe2+ Kxe2 79. Kg2 Ke3 80. Kh2
Rd2+ 81. Kg1 Kf3 82. Kf1 Rd1# 0-1

[Event "Robinson Cup 2016"]
[Site "Daventry ENG"]
[Date "2016.07.20"]
[Round "5.4"]
[White "Petkov, Petko"]
[Black "Lewis, Tim"]
[Result "0-1"]
[WhiteTeam "Wales"]
[BlackTeam "England B"]
[WhiteElo "2040"]
[BlackElo "1475"]
[WhiteNationality "BUL"]
[BlackNationality "ENG"]
[WhiteFideId "2903989"]
[BlackFideId "435660"]
[PlyCount "84"]
[EventDate "2016.07.19"]
[EventType "team"]
[Source "Live boards"]

1. e4 e5 2. Nf3 Nc6 3. Bc4 Bc5 4. c3 Nf6 5. d4 exd4 6. cxd4 Bb4+ 7. Nc3
Nxe4 8. O-O Bxc3 9. d5 Bf6 10. Re1 Ne7 11. Rxe4 d6 12. Bg5 Bxg5 13. Nxg5 h6
14. Qe2 hxg5 15. Re1 Be6 16. dxe6 f6 17. f4 c6 18. Bb3 Qb6+ 19. Qe3 Qxe3+
20. R1xe3 gxf4 21. Rxf4 d5 22. Bc2 O-O-O 23. Rg3 Rd6 24. Rxg7 Rxe6 25. Bd1
Re1+ 26. Rf1 Rxf1+ 27. Kxf1 Kd8 28. h3 Rg8 29. Rf7 Rg6 30. Bh5 Rh6 31. Bg4
Ke8 32. Be6 f5 33. Rxe7+ Kxe7 34. Bxf5 Rf6 35. g4 Rh6 36. Kg2 c5 37. Kg3
Rb6 38. b3 Ra6 39. Bb1 c4 40. Kf4 c3 41. Ke5 Rxa2 42. Kxd5 c2 0-1